[Event "Taastrup 30th Aniversary Open"]
[Site "Taastrup"]
[Date "2002.11.30"]
[Round "9"]
[White "Koerholz, Ludger"]
[Black "Hermansson, Emil"]
[Result "0-1"]
[WhiteElo "2356"]
[BlackElo "2370"]
[PlyCount "110"]
[EventDate "2002.11.22"]
[EventType "swiss"]
[EventRounds "9"]
[EventCountry "DEN"]
[Source "ChessBase"]
[SourceDate "2003.01.09"]

1. Nf3 Nf6 2. g3 d5 3. Bg2 c6 4. O-O Bf5 5. d3 Nbd7 6. Nfd2 e5 7. e4 dxe4 8.
dxe4 Be6 9. Qe2 Be7 10. Nc4 O-O 11. Nbd2 Re8 12. a4 Qc7 13. Nf3 Nc5 14. Ng5 Bg4
15. f3 Bc8 16. f4 Bg4 17. Qf2 exf4 18. Bxf4 Qd8 19. Be3 Ne6 20. e5 Nd5 21. Nxf7
Qd7 22. Qd2 Rf8 23. Nfd6 Nxe3 24. Nxe3 Bg5 25. Qd3 Bh5 26. Be4 Kh8 27. b4 Qe7
28. Nef5 Qc7 29. h4 Be7 30. Qc4 Bxd6 31. Nxd6 Qb6+ 32. Kg2 Nc7 33. a5 Qe3 34.
Qd3 Qh6 35. c3 Qe6 36. Rae1 Bg4 37. Bf5 Bxf5 38. Nxf5 Nd5 39. Nd6 Qg4 40. Nf7+
Kg8 41. Ng5 g6 42. Re4 Qd7 43. e6 Nf4+ 44. Rexf4 Qxd3 45. Ne4 Qd5 46. e7 Rxf4
47. Rxf4 Kg7 48. c4 Qxc4 49. h5 gxh5 50. g4 h4 51. Kh3 Qe6 52. Kxh4 Qxe7+ 53.
g5 h6 54. Nf6 hxg5+ 55. Kxg5 Rf8 0-1

[Event "Taastrup 30th Aniversary Open"]
[Site "Taastrup"]
[Date "2002.11.25"]
[Round "4"]
[White "Koerholz, Ludger"]
[Black "Lund, Silas"]
[Result "1-0"]
[WhiteElo "2356"]
[BlackElo "2329"]
[PlyCount "53"]
[EventDate "2002.11.22"]
[EventType "swiss"]
[EventRounds "9"]
[EventCountry "DEN"]
[Source "ChessBase"]
[SourceDate "2003.01.09"]

1. g3 d5 2. Bg2 Nf6 3. Nf3 e6 4. O-O Be7 5. c4 O-O 6. b3 c5 7. Bb2 Nc6 8. cxd5
exd5 9. d4 Bg4 10. Ne5 Be6 11. Nxc6 bxc6 12. dxc5 Bxc5 13. Nc3 Re8 14. Rc1 Rc8
15. Qd3 Bg4 16. Rfd1 Qe7 17. Rd2 Rcd8 18. Bf3 Bxf3 19. Qxf3 Ne4 20. Nxe4 dxe4
21. Qc3 Bxf2+ 22. Kxf2 Qg5 23. Rxd8 Rxd8 24. Qe5 Qg4 25. Rxc6 h5 26. h3 Qxh3
27. Qxg7# 1-0

[Event "Taastrup 30th Aniversary Open"]
[Site "Taastrup"]
[Date "2002.11.27"]
[Round "6"]
[White "Koerholz, Ludger"]
[Black "Raetsky, Alexander"]
[Result "1/2-1/2"]
[WhiteElo "2356"]
[BlackElo "2423"]
[PlyCount "76"]
[EventDate "2002.11.22"]
[EventType "swiss"]
[EventRounds "9"]
[EventCountry "DEN"]
[Source "ChessBase"]
[SourceDate "2003.01.09"]

1. c4 e5 2. g3 c6 3. d4 e4 4. Bg2 d5 5. Nc3 Nf6 6. Bg5 Be7 7. e3 Nbd7 8. Nge2
h6 9. Bxf6 Nxf6 10. Qb3 Qa5 11. cxd5 cxd5 12. O-O O-O 13. Nf4 Rd8 14. f3 g5 15.
Nfxd5 Nxd5 16. fxe4 Nf6 17. e5 Be6 18. Qxb7 Nd7 19. Qe4 Nb6 20. Qf3 Rac8 21.
Bh3 Bxh3 22. Qxf7+ Kh8 23. Qxe7 Nd5 24. Nxd5 Qxd5 25. Qf6+ Kh7 26. Qf7+ Qxf7
27. Rxf7+ Kg6 28. Rf2 Rd7 29. Rd1 Rdc7 30. d5 Rc1 31. Rfd2 Kf5 32. e6 Rxd1+ 33.
Rxd1 Ke5 34. Rd2 Rf8 35. Rd1 Rc8 36. Rd2 Rf8 37. Rd1 Rc8 38. Rd2 Rf8 1/2-1/2

[Event "Taastrup 30th Aniversary Open"]
[Site "Taastrup"]
[Date "2002.11.23"]
[Round "2"]
[White "Koerholz, Ludger"]
[Black "Hansen, Lars Henrik Bech"]
[Result "1-0"]
[WhiteElo "2356"]
[BlackElo "2131"]
[PlyCount "55"]
[EventDate "2002.11.22"]
[EventType "swiss"]
[EventRounds "9"]
[EventCountry "DEN"]
[Source "ChessBase"]
[SourceDate "2003.01.09"]

1. c4 Nf6 2. Nc3 g6 3. g3 Bg7 4. Bg2 O-O 5. Nf3 d6 6. O-O c6 7. d3 Qa5 8. Rb1
Qh5 9. Re1 Bh3 10. Bh1 Ng4 11. Bd2 Nd7 12. b4 Nde5 13. b5 f5 14. bxc6 bxc6 15.
Qb3 Bh6 16. Bxh6 Qxh6 17. d4 Nd7 18. c5+ Kh8 19. cxd6 exd6 20. e3 Ndf6 21. Qe6
Rae8 22. Qxd6 Ne4 23. Nxe4 fxe4 24. Ne5 Nxf2 25. Qxc6 Bd7 26. Qc2 Nh3+ 27. Kg2
Rf2+ 28. Qxf2 1-0

[Event "Taastrup 30th Aniversary Open"]
[Site "Taastrup"]
[Date "2002.11.28"]
[Round "7"]
[White "Kongsted, Halfdan Christian"]
[Black "Pedersen, Hans Dahl"]
[Result "1-0"]
[WhiteElo "2221"]
[BlackElo "2211"]
[PlyCount "55"]
[EventDate "2002.11.22"]
[EventType "swiss"]
[EventRounds "9"]
[EventCountry "DEN"]
[Source "ChessBase"]
[SourceDate "2003.01.09"]

1. d4 d5 2. Nf3 Nf6 3. c4 e6 4. e3 c6 5. Nbd2 Nbd7 6. Bd3 Bd6 7. e4 dxe4 8.
Nxe4 Nxe4 9. Bxe4 Nf6 10. Bc2 Qc7 11. O-O Bf4 12. Re1 O-O 13. Ne5 Bxc1 14. Rxc1
c5 15. dxc5 Qxc5 16. Re3 b6 17. Qf3 Ba6 18. Qf4 Rfd8 19. Rg3 Kf8 20. Rxg7 Kxg7
21. Qg5+ Kf8 22. Qxf6 Qc7 23. Bxh7 Ke8 24. Bg8 Rd7 25. Nxd7 Qxd7 26. b3 Rd8 27.
Re1 Kf8 28. Bxf7 1-0

[Event "Taastrup 30th Aniversary Open"]
[Site "Taastrup"]
[Date "2002.11.26"]
[Round "5"]
[White "Kongsted, Halfdan Christian"]
[Black "Hansen, Lars Henrik Bech"]
[Result "1-0"]
[WhiteElo "2221"]
[BlackElo "2131"]
[PlyCount "48"]
[EventDate "2002.11.22"]
[EventType "swiss"]
[EventRounds "9"]
[EventCountry "DEN"]
[Source "ChessBase"]
[SourceDate "2003.01.09"]

1. d4 d6 2. Nf3 g6 3. c4 Bg7 4. Nc3 Nf6 5. e4 O-O 6. h3 Nbd7 7. Bg5 c5 8. d5 b5
9. cxb5 a6 10. a4 Qa5 11. Bd2 axb5 12. Bxb5 Ba6 13. Qe2 Rfb8 14. O-O Bxb5 15.
Nxb5 Qa6 16. Bc3 Nb6 17. b3 Rb7 18. Nd2 Nfd7 19. Bxg7 Kxg7 20. f4 c4 21. Nxc4
Nc5 22. Nd2 Qa5 23. Qe3 Nbd7 24. Qd4+ Kf8 1-0

[Event "Taastrup 30th Aniversary Open"]
[Site "Taastrup"]
[Date "2002.11.22"]
[Round "1"]
[White "Kongsted, Halfdan Christian"]
[Black "Jakobsen, Ole"]
[Result "0-1"]
[WhiteElo "2221"]
[BlackElo "2381"]
[PlyCount "86"]
[EventDate "2002.11.22"]
[EventType "swiss"]
[EventRounds "9"]
[EventCountry "DEN"]
[Source "ChessBase"]
[SourceDate "2003.01.09"]

1. d4 Nf6 2. Nf3 c5 3. e3 g6 4. b3 Bg7 5. Bb2 O-O 6. dxc5 Qa5+ 7. Nbd2 Qxc5 8.
Bd3 d6 9. O-O Nbd7 10. c4 b6 11. a3 Bb7 12. b4 Qc7 13. Rc1 Rac8 14. Qc2 Qb8 15.
Qb1 Qa8 16. Rfe1 Rc7 17. e4 Bh6 18. Rcd1 Nh5 19. g3 Bg7 20. Nf1 Bxb2 21. Qxb2
Nhf6 22. Qd4 Ng4 23. N1d2 Rfc8 24. Ng5 Nge5 25. f4 Nxd3 26. Qxd3 Ba6 27. b5 Bb7
28. e5 Nc5 29. Qe3 dxe5 30. fxe5 f6 31. Nh3 Rd7 32. Qh6 Rcd8 33. e6 Rd4 34. Nf4
Be4 35. Ne2 R4d6 36. Nc3 Bc2 37. Nd5 Rxd5 38. cxd5 Bxd1 39. Rxd1 Qxd5 40. Kf2
Ne4+ 41. Nxe4 Qxd1 42. Nc3 Rd2+ 43. Ke3 Rd3+ 0-1

[Event "Taastrup 30th Aniversary Open"]
[Site "Taastrup"]
[Date "2002.11.30"]
[Round "9"]
[White "Kongsted, Halfdan Christian"]
[Black "Lund, Silas"]
[Result "0-1"]
[WhiteElo "2221"]
[BlackElo "2329"]
[PlyCount "122"]
[EventDate "2002.11.22"]
[EventType "swiss"]
[EventRounds "9"]
[EventCountry "DEN"]
[Source "ChessBase"]
[SourceDate "2003.01.09"]

1. e4 c6 2. d4 d5 3. Nc3 dxe4 4. Nxe4 Nd7 5. Ng5 Ngf6 6. Bd3 e6 7. N1f3 Bd6 8.
Qe2 h6 9. Ne4 Nxe4 10. Qxe4 Nf6 11. Qe2 Qc7 12. O-O b6 13. c4 Bb7 14. Bd2 O-O
15. Bc3 Rfe8 16. Rfe1 Rad8 17. Ne5 c5 18. dxc5 Bxc5 19. Rad1 Qe7 20. a3 a5 21.
h3 Nd7 22. Nxd7 Rxd7 23. Qg4 f5 24. Bxf5 Bxf2+ 25. Kxf2 Qc5+ 26. Kg3 Qc7+ 27.
Be5 exf5 28. Bxc7 Rxe1 29. Rxd7 fxg4 30. Bxb6 Ba6 31. Bd4 g5 32. Kxg4 Bc8 33.
Kh5 Bxd7 34. Kxh6 g4 35. hxg4 Re4 36. Bc3 a4 37. Kg5 Rxg4+ 38. Kf6 Rxc4 39. Ke7
Bb5 40. Kd6 Rg4 41. Kc5 Be2 42. Kb6 Bd1 43. Kb5 Kf7 44. Kc5 Ke6 45. Bb4 Rxg2
46. Bc3 Bb3 47. Bd4 Rg5+ 48. Kb4 Kd5 49. Bf6 Rg4+ 50. Kc3 Rc4+ 51. Kd3 Bc2+ 52.
Kd2 Bg6 53. Bc3 Rh4 54. Bf6 Rh3 55. Bc3 Kc4 56. Bf6 Kb3 57. Be5 Rh5 58. Bd4
Rh2+ 59. Kd1 Bh5+ 60. Ke1 Re2+ 61. Kf1 Rxb2 0-1

[Event "Taastrup 30th Aniversary Open"]
[Site "Taastrup"]
[Date "2002.11.24"]
[Round "3"]
[White "Kongsted, Halfdan Christian"]
[Black "Aagaard, Jacob"]
[Result "0-1"]
[WhiteElo "2221"]
[BlackElo "2371"]
[PlyCount "68"]
[EventDate "2002.11.22"]
[EventType "swiss"]
[EventRounds "9"]
[EventCountry "DEN"]
[Source "ChessBase"]
[SourceDate "2003.01.09"]

1. e4 c5 2. Nf3 d6 3. d4 cxd4 4. Nxd4 Nf6 5. Nc3 g6 6. Be3 Bg7 7. f3 Nc6 8. Qd2
O-O 9. Bc4 Bd7 10. O-O-O Ne5 11. Be2 Qa5 12. Kb1 Rfc8 13. Nb3 Qc7 14. g4 b5 15.
Bd4 b4 16. Nd5 Nxd5 17. exd5 a5 18. Rhe1 a4 19. Na1 a3 20. b3 Bb5 21. Bxb5 Nxf3
22. Qe3 Nxd4 23. Bc4 Qc5 24. Qd3 e6 25. dxe6 d5 26. exf7+ Kxf7 27. Ba6 Rxa6 28.
Qxa6 Qc3 29. Qb7+ Kg8 30. Qxc8+ Qxc8 31. Rd3 Nb5 32. Ree3 Qc3 33. Rxc3 Nxc3+
34. Kc1 Bh6 0-1

[Event "Taastrup 30th Aniversary Open"]
[Site "Taastrup"]
[Date "2002.11.30"]
[Round "9"]
[White "Korolev, Nikolaj"]
[Black "Nolsoe, Eydun"]
[Result "0-1"]
[WhiteElo "2178"]
[BlackElo "2236"]
[PlyCount "132"]
[EventDate "2002.11.22"]
[EventType "swiss"]
[EventRounds "9"]
[EventCountry "DEN"]
[Source "ChessBase"]
[SourceDate "2003.01.09"]

1. e4 c5 2. Nf3 d6 3. d4 cxd4 4. Nxd4 Nf6 5. Nc3 a6 6. f4 e5 7. Nf3 Qc7 8. a4
Be6 9. Bd3 Nbd7 10. O-O Be7 11. Kh1 Rc8 12. Qe1 O-O 13. fxe5 dxe5 14. Nh4 Rfe8
15. Nf5 Bf8 16. Qh4 Qc6 17. Bg5 Bxf5 18. Rxf5 h6 19. Be3 Nh7 20. Nd5 f6 21. Qg4
Kh8 22. Raf1 Qxa4 23. b3 Qc6 24. R1f3 b5 25. Rg3 Qe6 26. Qg6 Rc6 27. Rh5 Rec8
28. Rgh3 Qe8 29. Qg4 Nc5 30. Bf1 Ne6 31. c4 b4 32. Be2 Neg5 33. Bxg5 fxg5 34.
Rf3 Be7 35. h4 Kg8 36. Rf1 Nf6 37. Nxf6+ Rxf6 38. hxg5 Rxf1+ 39. Bxf1 Bxg5 40.
Rh3 Rd8 41. c5 Qd7 42. Bc4+ Kh8 43. Qxd7 Rxd7 44. Bd5 g6 45. Rf3 Kg7 46. Kg1
Bd8 47. Kf1 h5 48. Ke2 Bc7 49. Kd3 g5 50. Kc4 a5 51. Kb5 g4 52. Rf5 Kg6 53. Kc6
Rh7 54. Bf7+ Rxf7 55. Rxf7 Kxf7 56. Kxc7 h4 57. c6 h3 58. gxh3 gxh3 59. Kd6 h2
60. c7 h1=Q 61. c8=Q Qxe4 62. Qc7+ Kg6 63. Qxa5 Kf5 64. Qa2 Qd4+ 65. Kc6 e4 66.
Kb5 e3 0-1

[Event "Taastrup 30th Aniversary Open"]
[Site "Taastrup"]
[Date "2002.11.28"]
[Round "7"]
[White "Korolev, Nikolaj"]
[Black "Lund, Silas"]
[Result "1/2-1/2"]
[WhiteElo "2178"]
[BlackElo "2329"]
[PlyCount "129"]
[EventDate "2002.11.22"]
[EventType "swiss"]
[EventRounds "9"]
[EventCountry "DEN"]
[Source "ChessBase"]
[SourceDate "2003.01.09"]

1. e4 c5 2. Nf3 e6 3. d4 cxd4 4. Nxd4 Nf6 5. Nc3 Nc6 6. Ndb5 Bb4 7. a3 Bxc3+ 8.
Nxc3 d5 9. exd5 exd5 10. Bd3 O-O 11. O-O h6 12. Bf4 d4 13. Ne4 Bf5 14. Re1 Nxe4
15. Bxe4 Qd7 16. Qd3 Bxe4 17. Rxe4 Rae8 18. Rae1 Rxe4 19. Rxe4 Rd8 20. h3 Qd5
21. c4 dxc3 22. Qxd5 Rxd5 23. bxc3 f5 24. Re6 Kf7 25. Rd6 Rxd6 26. Bxd6 g6 27.
Kf1 Ke6 28. Bf8 h5 29. Ke2 Kd5 30. Ke3 Nd8 31. Kd3 b5 32. g3 Ne6 33. Bb4 a6 34.
h4 f4 35. Ke2 fxg3 36. fxg3 Ke4 37. Bd6 Ng7 38. Bc7 Nf5 39. Bb8 Ne3 40. Bd6 a5
41. Bc7 Nc4 42. Bd8 a4 43. Be7 Ne3 44. Bb4 Nf5 45. Kf2 Ne3 46. Ke2 Nd5 47. Ba5
Nf6 48. Bb4 Ne8 49. Ba5 Nd6 50. Bb4 Nf5 51. Kf2 Ng7 52. Ke2 Nf5 53. Kf2 Kd3 54.
Kf3 Ne3 55. Kf4 Nd5+ 56. Kg5 Nxb4 57. cxb4 Kc3 58. Kxg6 Kb3 59. Kxh5 Kxa3 60.
g4 Kxb4 61. g5 a3 62. g6 a2 63. g7 a1=Q 64. g8=Q Qe5+ 65. Qg5 1/2-1/2

[Event "Taastrup 30th Aniversary Open"]
[Site "Taastrup"]
[Date "2002.11.25"]
[Round "4"]
[White "Korolev, Nikolaj"]
[Black "Nohr, Finn"]
[Result "1-0"]
[WhiteElo "2178"]
[BlackElo "2157"]
[PlyCount "105"]
[EventDate "2002.11.22"]
[EventType "swiss"]
[EventRounds "9"]
[EventCountry "DEN"]
[Source "ChessBase"]
[SourceDate "2003.01.09"]

1. e4 e5 2. Nf3 Nc6 3. Bb5 f5 4. exf5 e4 5. Qe2 Qe7 6. Bxc6 dxc6 7. Nd4 Qe5 8.
c3 Bd6 9. Na3 Bxf5 10. Nc4 Qf6 11. d3 Kf7 12. Nxf5 Qxf5 13. dxe4 Qg6 14. f3 Nf6
15. Bd2 Rhe8 16. O-O-O Nd7 17. h4 Ne5 18. Bg5 Nxc4 19. Qxc4+ Qe6 20. Qxe6+ Rxe6
21. c4 h6 22. Be3 b6 23. Kc2 a5 24. a4 Rae8 25. Rd2 R8e7 26. Rhd1 Rg6 27. h5
Rge6 28. Rd3 c5 29. Rd5 Rf6 30. R1d2 Ke8 31. Kd1 Rfe6 32. R2d3 Kd7 33. Ke2 Kc6
34. Kf2 Rf6 35. Ke2 Rfe6 36. Bd2 Rf6 37. Bc3 Rfe6 38. Kf2 Kb7 39. g3 Kc6 40.
Re3 Be5 41. Bxe5 Rxe5 42. Red3 Kb7 43. Rxe5 Rxe5 44. Rd5 Re7 45. Ke3 Kc6 46.
Kf4 Kb7 47. Rd3 c6 48. Kf5 Kc7 49. e5 b5 50. b3 Re8 51. f4 Re7 52. Kg6 Kb7 53.
Kh7 1-0

[Event "Taastrup 30th Aniversary Open"]
[Site "Taastrup"]
[Date "2002.11.24"]
[Round "3"]
[White "Lund, Silas"]
[Black "Nordenbaek, Jan"]
[Result "0-1"]
[WhiteElo "2329"]
[BlackElo "2237"]
[PlyCount "82"]
[EventDate "2002.11.22"]
[EventType "swiss"]
[EventRounds "9"]
[EventCountry "DEN"]
[Source "ChessBase"]
[SourceDate "2003.01.09"]

1. d4 g6 2. e4 Bg7 3. c4 d6 4. Nc3 Nc6 5. Be3 e5 6. d5 Nce7 7. g4 f5 8. gxf5
gxf5 9. Qh5+ Kf8 10. Bh3 Nf6 11. Qf3 f4 12. Bd2 Ng6 13. Bxc8 Qxc8 14. Ke2 c6
15. Qh3 cxd5 16. Qxc8+ Rxc8 17. cxd5 Ke7 18. Nh3 Bh6 19. f3 Nh4 20. Rhg1 Rhg8
21. Nf2 Ng2 22. Rac1 Ne3 23. Rxg8 Rxg8 24. Nb5 Rg2 25. Rc7+ Kf8 26. Nxd6 Bg5
27. Nc4 Bh4 28. Be1 Nc2 29. Nxe5 Nxe1 30. Kxe1 Rxf2 31. Nd7+ Nxd7 32. Rxd7
Rxf3+ 33. Kd1 Rf1+ 34. Kc2 Rf2+ 35. Kd3 Rxb2 36. Rxh7 Rxh2 37. e5 f3 38. e6 f2
39. Ke2 Rh1 40. Rf7+ Ke8 41. d6 Re1+ 0-1

[Event "Taastrup 30th Aniversary Open"]
[Site "Taastrup"]
[Date "2002.11.26"]
[Round "5"]
[White "Lund, Silas"]
[Black "Hartvig, Ove Weiss"]
[Result "1/2-1/2"]
[WhiteElo "2329"]
[BlackElo "2286"]
[PlyCount "59"]
[EventDate "2002.11.22"]
[EventType "swiss"]
[EventRounds "9"]
[EventCountry "DEN"]
[Source "ChessBase"]
[SourceDate "2003.01.09"]

1. d4 Nf6 2. c4 c5 3. d5 b5 4. cxb5 a6 5. bxa6 g6 6. Nc3 Bxa6 7. Nf3 Bg7 8. e4
Bxf1 9. Kxf1 d6 10. g3 O-O 11. Kg2 Nbd7 12. Re1 Ng4 13. Nd2 Nge5 14. Qe2 Nb6
15. a4 c4 16. a5 Nd3 17. Rd1 Qc8 18. Nxc4 Nxc1 19. Rdxc1 Nxc4 20. Nd1 Qd8 21.
Rxc4 Rxa5 22. Rac1 Qa8 23. Rc7 Bf6 24. Ne3 Qb8 25. R1c2 Rb5 26. Rc8 Qb7 27.
R2c7 Rxc8 28. Rxc8+ Kg7 29. Rc2 Rxb2 30. Rxb2 1/2-1/2

[Event "Taastrup 30th Aniversary Open"]
[Site "Taastrup"]
[Date "2002.11.22"]
[Round "1"]
[White "Lund, Silas"]
[Black "Nielsen, Niels Peter"]
[Result "1/2-1/2"]
[WhiteElo "2329"]
[BlackElo "2147"]
[PlyCount "115"]
[EventDate "2002.11.22"]
[EventType "swiss"]
[EventRounds "9"]
[EventCountry "DEN"]
[Source "ChessBase"]
[SourceDate "2003.01.09"]

1. c4 f5 2. d4 Nf6 3. g3 d6 4. Bg2 g6 5. Nh3 Bg7 6. d5 O-O 7. O-O Nbd7 8. Nd2
Rb8 9. Nb3 Re8 10. Nf4 Nf8 11. Be3 a6 12. Ba7 e5 13. dxe6 Ra8 14. Bd4 c6 15.
Qc2 Nxe6 16. Nxe6 Bxe6 17. Rfd1 Qe7 18. Rac1 Rad8 19. e3 Nd7 20. Bxg7 Kxg7 21.
Qc3+ Kg8 22. Nd4 Nf6 23. Nxe6 Qxe6 24. b4 d5 25. cxd5 Nxd5 26. Qc4 Nc7 27. Qc5
Rd7 28. Bf1 Red8 29. Rxd7 Rxd7 30. Bc4 Nd5 31. Rd1 Kg7 32. Bb3 Qd6 33. Qd4+ Qf6
34. Qc5 Qd6 35. Qxd6 Rxd6 36. f3 Rd7 37. Kf2 Nb6 38. Rxd7+ Nxd7 39. Be6 Nb6 40.
Ke2 Kf6 41. Bg8 Nd7 42. h4 c5 43. bxc5 Nxc5 44. Kd2 b5 45. Kc3 a5 46. Kd4 Nd7
47. Bd5 b4 48. Bb3 Ke7 49. Ba4 Nb6 50. Bb5 Kd6 51. e4 fxe4 52. fxe4 a4 53. e5+
Ke7 54. Bd3 b3 55. axb3 axb3 56. h5 gxh5 57. Bxh7 b2 58. Kc3 1/2-1/2

[Event "Taastrup 30th Aniversary Open"]
[Site "Taastrup"]
[Date "2002.11.29"]
[Round "8"]
[White "Lund, Silas"]
[Black "Hansen, Lars Henrik Bech"]
[Result "1-0"]
[WhiteElo "2329"]
[BlackElo "2131"]
[PlyCount "43"]
[EventDate "2002.11.22"]
[EventType "swiss"]
[EventRounds "9"]
[EventCountry "DEN"]
[Source "ChessBase"]
[SourceDate "2003.01.09"]

1. d4 d6 2. c4 g6 3. e4 Nf6 4. Nc3 Bg7 5. Be2 O-O 6. Bg5 c5 7. d5 e6 8. Qd2
exd5 9. exd5 Re8 10. Nf3 Qb6 11. O-O Bg4 12. h3 Bf5 13. Nh4 Ne4 14. Nxe4 Bxe4
15. Rae1 Qxb2 16. Qxb2 Bxb2 17. Bd3 f6 18. Bh6 g5 19. Bxe4 gxh4 20. Bxh7+ Kxh7
21. Rxe8 Kxh6 22. Rb1 1-0

[Event "Taastrup 30th Aniversary Open"]
[Site "Taastrup"]
[Date "2002.11.26"]
[Round "5"]
[White "Naes, Flovin Tor"]
[Black "Hermansson, Emil"]
[Result "0-1"]
[WhiteElo "2280"]
[BlackElo "2370"]
[PlyCount "88"]
[EventDate "2002.11.22"]
[EventType "swiss"]
[EventRounds "9"]
[EventCountry "DEN"]
[Source "ChessBase"]
[SourceDate "2003.01.09"]

1. e4 c5 2. b3 Nf6 3. e5 Nd5 4. Bb2 Nc6 5. Nf3 Nc7 6. Nc3 g6 7. Bc4 Bg7 8. Qe2
O-O 9. O-O-O d5 10. exd6 exd6 11. Rhe1 a6 12. Nd5 Nxd5 13. Bxd5 Nb4 14. Bxg7
Kxg7 15. Bc4 b5 16. a3 bxc4 17. axb4 cxb3 18. cxb3 Be6 19. d4 Bxb3 20. dxc5
Bxd1 21. Rxd1 Qf6 22. Qb2 dxc5 23. bxc5 Rfc8 24. Rd5 Rab8 25. Qxf6+ Kxf6 26.
Rd6+ Ke7 27. Rxa6 Rxc5+ 28. Kd2 Rb2+ 29. Ke3 Rcc2 30. Ng5 Re2+ 31. Kd3 Rxf2 32.
Ra7+ Kf8 33. Nxh7+ Kg8 34. Ng5 Rf5 35. Nf3 Rxg2 36. Nh4 Rd5+ 37. Ke4 Rgg5 38.
Nf3 Rh5 39. Ra2 Ra5 40. Rb2 Ra4+ 41. Ke3 Rh3 42. Rb3 Kg7 43. Rc3 g5 44. Kf2 g4
0-1

[Event "Taastrup 30th Aniversary Open"]
[Site "Taastrup"]
[Date "2002.11.22"]
[Round "1"]
[White "Naes, Flovin Tor"]
[Black "Nielsen, Jan Mose"]
[Result "1-0"]
[WhiteElo "2280"]
[BlackElo "2128"]
[PlyCount "79"]
[EventDate "2002.11.22"]
[EventType "swiss"]
[EventRounds "9"]
[EventCountry "DEN"]
[Source "ChessBase"]
[SourceDate "2003.01.09"]

1. Nf3 c5 2. c4 Nc6 3. e3 Nf6 4. Nc3 g6 5. d4 cxd4 6. exd4 d5 7. cxd5 Nxd5 8.
Bc4 Nb6 9. Bb5 Bg7 10. O-O O-O 11. d5 Ne5 12. Nxe5 Bxe5 13. Bh6 Bg7 14. Bxg7
Kxg7 15. Qd4+ Kg8 16. Rad1 Bd7 17. Rfe1 Nc8 18. Bd3 Re8 19. h4 a6 20. h5 Qb6
21. Qe5 Qd6 22. Qg5 Qf6 23. Qxf6 exf6 24. Rxe8+ Bxe8 25. Ne4 Kg7 26. Bc2 b6 27.
d6 Ra7 28. Bb3 h6 29. hxg6 Kxg6 30. Rd3 Rd7 31. Rf3 Rxd6 32. Nxd6 Nxd6 33. Rd3
Ne4 34. Bc2 f5 35. f3 Nc5 36. Rd6+ Kg5 37. Rd5 Bc6 38. Rxf5+ Kh4 39. Kh2 a5 40.
g3# 1-0

[Event "Taastrup 30th Aniversary Open"]
[Site "Taastrup"]
[Date "2002.11.29"]
[Round "8"]
[White "Naes, Flovin Tor"]
[Black "Raetsky, Alexander"]
[Result "1/2-1/2"]
[WhiteElo "2280"]
[BlackElo "2423"]
[PlyCount "131"]
[EventDate "2002.11.22"]
[EventType "swiss"]
[EventRounds "9"]
[EventCountry "DEN"]
[Source "ChessBase"]
[SourceDate "2003.01.09"]

1. d4 d5 2. c4 dxc4 3. Nf3 a6 4. e3 Nf6 5. Bxc4 e6 6. O-O b5 7. Be2 Nbd7 8. a4
b4 9. Nbd2 Bb7 10. b3 c5 11. Bb2 Be7 12. Rc1 O-O 13. Nc4 a5 14. Nfe5 cxd4 15.
Nxd7 Nxd7 16. Qxd4 Bf6 17. Qd6 Bxb2 18. Nxb2 Qg5 19. Qg3 Qxg3 20. hxg3 Rfc8 21.
Rxc8+ Rxc8 22. Nc4 Ba6 23. Rd1 Nc5 24. Rd6 Bxc4 25. Bxc4 Kf8 26. Rd4 Ke7 27.
Kf1 g5 28. Ke2 h5 29. Kd2 f5 30. Ke2 Ne4 31. Ke1 g4 32. Rd1 Rh8 33. Bb5 Nc5 34.
Bc4 h4 35. gxh4 Rxh4 36. Rd4 Rh1+ 37. Ke2 Rg1 38. g3 Rb1 39. Rd1 Rb2+ 40. Rd2
Rb1 41. Rd1 Rb2+ 42. Rd2 Rxd2+ 43. Kxd2 Kd6 44. Ke2 Ke5 45. Kd2 Kf6 46. Ke2 Kg5
47. Kd2 Ne4+ 48. Ke1 e5 49. Bd5 Nc5 50. Ke2 f4 51. e4 Kf6 52. Kd2 Ke7 53. Ke2
Kd6 54. Kd2 Nd7 55. Kd3 Nf6 56. Bf7 Kc5 57. Bg6 fxg3 58. fxg3 Ng8 59. Bf5 Nf6
60. Ke3 Kd6 61. Kd3 Nh5 62. Bxg4 Nxg3 63. Bf3 Kc5 64. Ke3 Nf1+ 65. Kd3 Ng3 66.
Ke3 1/2-1/2

[Event "Taastrup 30th Aniversary Open"]
[Site "Taastrup"]
[Date "2002.11.28"]
[Round "7"]
[White "Naes, Flovin Tor"]
[Black "Nolsoe, Eydun"]
[Result "1-0"]
[WhiteElo "2280"]
[BlackElo "2236"]
[PlyCount "105"]
[EventDate "2002.11.22"]
[EventType "swiss"]
[EventRounds "9"]
[EventCountry "DEN"]
[Source "ChessBase"]
[SourceDate "2003.01.09"]

1. e4 c5 2. c3 d5 3. exd5 Qxd5 4. d4 Nc6 5. dxc5 Qxc5 6. Be3 Qa5 7. Na3 Nf6 8.
Nf3 e6 9. Nc4 Qc7 10. Qa4 Nd5 11. Nfe5 Nxe3 12. fxe3 Be7 13. Be2 O-O 14. Nxc6
bxc6 15. Bf3 Bd7 16. O-O-O Rab8 17. Rd2 Rfd8 18. Qa5 Rdc8 19. Qxc7 Rxc7 20.
Rhd1 Be8 21. Kc2 Kf8 22. Nd6 c5 23. c4 Bc6 24. Bxc6 Rxc6 25. Nb5 a6 26. Nc3 Ke8
27. Ne4 Rd8 28. Rxd8+ Bxd8 29. Nd6+ Ke7 30. Nxf7 Bc7 31. Ng5 Bxh2 32. Nxh7 e5
33. Rh1 Rh6 34. Ng5 Kd7 35. Kd3 Rg6 36. Nf3 Bg3 37. b3 Rg4 38. Nd2 Kc6 39. Ne4
Bh4 40. g3 Bd8 41. Rh5 Bc7 42. Rg5 Rxg5 43. Nxg5 Bd8 44. Nf3 Bf6 45. Ke4 Kd6
46. Kf5 e4 47. Nd2 Bb2 48. Nxe4+ Kc6 49. Kg6 Bc1 50. Kxg7 Bxe3 51. Kf7 Kb6 52.
g4 Ka5 53. a3 1-0

[Event "Taastrup 30th Aniversary Open"]
[Site "Taastrup"]
[Date "2002.11.24"]
[Round "3"]
[White "Naes, Flovin Tor"]
[Black "Pedersen, Hans Dahl"]
[Result "1-0"]
[WhiteElo "2280"]
[BlackElo "2211"]
[PlyCount "81"]
[EventDate "2002.11.22"]
[EventType "swiss"]
[EventRounds "9"]
[EventCountry "DEN"]
[Source "ChessBase"]
[SourceDate "2003.01.09"]

1. Nf3 d5 2. d4 c6 3. g3 Bg4 4. Bg2 Nd7 5. O-O Ngf6 6. c4 e6 7. Qb3 Qb8 8. Bf4
dxc4 9. Qxc4 Bd6 10. Bd2 O-O 11. Nc3 e5 12. Rad1 h6 13. Qd3 Re8 14. h3 Be6 15.
Bc1 e4 16. Nxe4 Nxe4 17. Qxe4 Bb3 18. Qf5 Bxd1 19. Rxd1 Qc8 20. d5 c5 21. Nd2
Nf6 22. Qxc8 Raxc8 23. e4 c4 24. f4 c3 25. bxc3 Rxc3 26. e5 Bc5+ 27. Kh2 Bf2
28. exf6 Bxg3+ 29. Kg1 Bxf4 30. Nb3 Bd6 31. fxg7 Re2 32. Nd4 Rxa2 33. Nf5 Bc5+
34. Kh1 Rcc2 35. Re1 Kh7 36. Ne3 Bxe3 37. Be4+ Kxg7 38. Bxc2 Bxc1 39. Rxc1 Kf6
40. d6 a5 41. Rf1+ 1-0

[Event "Taastrup 30th Aniversary Open"]
[Site "Taastrup"]
[Date "2002.11.27"]
[Round "6"]
[White "Nielsen, Jan Mose"]
[Black "Lund, Silas"]
[Result "0-1"]
[WhiteElo "2128"]
[BlackElo "2329"]
[PlyCount "120"]
[EventDate "2002.11.22"]
[EventType "swiss"]
[EventRounds "9"]
[EventCountry "DEN"]
[Source "ChessBase"]
[SourceDate "2003.01.09"]

1. d4 d5 2. Nf3 c5 3. c4 cxd4 4. Qxd4 e6 5. cxd5 exd5 6. Nc3 Nf6 7. e4 Nc6 8.
Bb5 dxe4 9. Qxd8+ Kxd8 10. Ng5 Be6 11. Nxe6+ fxe6 12. Bg5 Kc7 13. O-O Re8 14.
Rac1 a6 15. Ba4 Be7 16. Rfe1 Bb4 17. Bxf6 gxf6 18. Rxe4 Bxc3 19. Rxc3 e5 20.
Bxc6 bxc6 21. Kf1 Rb8 22. b3 Rhd8 23. Ke2 Kd6 24. Rd3+ Ke6 25. Rxd8 Rxd8 26.
Ra4 Ra8 27. g4 Kd5 28. f4 h5 29. g5 exf4 30. Rxf4 Re8+ 31. Kf3 fxg5 32. Ra4
Rf8+ 33. Ke3 Re8+ 34. Kf3 Rf8+ 35. Ke3 g4 36. Rf4 Re8+ 37. Kd3 Re1 38. Rf5+ Re5
39. Rf6 Rg5 40. Ke3 h4 41. Kf2 a5 42. Kg2 a4 43. Rf4 axb3 44. axb3 c5 45. Rc4
Rg8 46. Rc3 Ra8 47. Rd3+ Ke4 48. Rd2 Rb8 49. Rc2 Rb5 50. Rc4+ Kd5 51. Rxg4 Rxb3
52. Rxh4 c4 53. Kf1 Re3 54. Kf2 Re5 55. Rg4 c3 56. Ra4 c2 57. Ra1 Kd4 58. h4
Re4 59. Kg3 Kd3 60. h5 Kd2 0-1